[Event "Tula schev"]
[Site "Tula"]
[Date "2007.07.27"]
[Round "10"]
[White "Sviridov, Vladislav"]
[Black "Ponomarenko, Viktor"]
[Result "1/2-1/2"]
[WhiteElo "2177"]
[BlackElo "2205"]
[PlyCount "94"]
[EventDate "2007.07.16"]
[EventType "schev"]
[EventRounds "10"]
[EventCountry "RUS"]
[SourceTitle "EXT 2009"]
[Source "ChessBase"]
[SourceDate "2008.11.26"]
[SourceVersion "1"]
[SourceVersionDate "2008.11.26"]
[SourceQuality "1"]

1. e4 c5 2. Nf3 d6 3. c3 Nf6 4. h3 Bd7 5. Bd3 Nc6 6. 0-0 g6 7. Bc2 Bg7 8. a3 0-0 9. d4 Qc7 10. Be3 b6 11. b4 cxd4 12. cxd4 Rac8 13. Bd3 Qb7 14. Qe2 Nb8 15. Nbd2 b5 16. Nh2 Rc3 17. g4 Rfc8 18. f4 d5 19. e5 Ne4 20. Kg2 f5 21. Nb1 R3c7 22. g5 e6 23. Nf3 Bf8 24. Nfd2 Nc6 25. Nb3 a6 26. Ra2 Nd8 27. Nc5 Bxc5 28. bxc5 Nc6 29. Rc1 Na5 30. Kh2 Rb8 31. Nd2 Nc4 32. Bxe4 fxe4 33. Rb1 Qc8 34. Rb3 Rcb7 35. Ra1 Qf8 36. Rab1 Bc6 37. Kg3 a5 38. a4 Nxe3 39. Qxe3 b4 40. R3b2 Bxa4 41. Ra1 Qe8 42. Rba2 Bc6 43. Rxa5 b3 44. Rb1 Ba4 45. Rb2 Rb4 46. Qc3 Qd7 47. Ra8 Qc6 1/2-1/2

[Event "Tula schev"]
[Site "Tula"]
[Date "2007.07.24"]
[Round "7"]
[White "Chubakov, Oleg"]
[Black "Sviridov, Vladislav"]
[Result "1/2-1/2"]
[WhiteElo "2168"]
[BlackElo "2177"]
[PlyCount "93"]
[EventDate "2007.07.16"]
[EventType "schev"]
[EventRounds "10"]
[EventCountry "RUS"]
[SourceTitle "EXT 2009"]
[Source "ChessBase"]
[SourceDate "2008.11.26"]
[SourceVersion "1"]
[SourceVersionDate "2008.11.26"]
[SourceQuality "1"]

1. c4 f5 2. d4 Nf6 3. g3 g6 4. Bg2 Bg7 5. Nc3 0-0 6. Nh3 d6 7. d5 e5 8. dxe6 Nc6 9. Nf4 Re8 10. Rb1 Kh8 11. h4 Bxe6 12. Ncd5 Bf7 13. 0-0 Rb8 14. b3 Ne5 15. Bb2 b5 16. cxb5 Rxb5 17. Qd2 Nxd5 18. Nxd5 Bxd5 19. Bxd5 Qd7 20. Rfd1 c6 21. Bg2 d5 22. Rbc1 Re6 23. Bd4 Ng4 24. Rc2 Bxd4 25. Qxd4+ Qg7 26. e3 Qxd4 27. Rxd4 Ne5 28. Ra4 Re7 29. Bf1 Rb6 30. Be2 Kg7 31. Rc5 Kf6 32. Rca5 Rbb7 33. Ra6 Rec7 34. Rd4 Ke7 35. b4 Rb6 36. Ra5 Kd6 37. f3 c5 38. bxc5+ Rxc5 39. Rxc5 Kxc5 40. Ra4 Rb2 41. Kf1 Nc6 42. g4 fxg4 43. fxg4 Rb4 44. Ra3 Kd6 45. Ra6 Rb6 46. Ra4 Rb4 47. Ra6 1/2-1/2

[Event "Rybinsk op"]
[Site "Rybinsk"]
[Date "2007.06.27"]
[Round "4"]
[White "Simonov, Vladimir"]
[Black "Sviridov, Vladislav"]
[Result "1-0"]
[WhiteElo "2297"]
[BlackElo "2224"]
[PlyCount "111"]
[EventDate "2007.06.25"]
[EventType "swiss"]
[EventRounds "9"]
[EventCountry "RUS"]
[SourceTitle "EXT 2022"]
[Source "ChessBase"]
[SourceDate "2021.10.06"]
[SourceVersion "1"]
[SourceVersionDate "2021.10.06"]
[SourceQuality "1"]

1. d4 d5 2. c4 c6 3. Nc3 Nf6 4. Nf3 e6 5. Qb3 dxc4 6. Qxc4 b5 7. Qb3 a6 8. Bg5 Be7 9. e4 Nbd7 10. e5 Nd5 11. Bxe7 Qxe7 12. Ne4 0-0 13. Rc1 Bb7 14. Bd3 Rac8 15. Nd6 Rc7 16. Be4 N7f6 17. Bb1 Ne8 18. Nxb7 Rxb7 19. Rxc6 Qb4+ 20. Qxb4 Nxb4 21. Rc5 h6 22. Ke2 Nd5 23. g3 Nec7 24. Nd2 f5 25. Rhc1 Rd8 26. Nb3 Rd7 27. Na5 Rb8 28. a3 b4 29. Nc6 Rb6 30. Nxb4 Nxb4 31. Rxc7 Rxc7 32. Rxc7 Nc6 33. Ke3 Rb3+ 34. Bd3 Na5 35. Rc5 Nb7 36. Rc2 g5 37. Kd2 Na5 38. Rc8+ Kg7 39. Kc2 Rb6 40. Rc7+ Kg6 41. b4 Nc6 42. Kc3 g4 43. Bc4 Nd8 44. Ra7 Nf7 45. Rxa6 Rb8 46. Rxe6+ Kh5 47. Rf6 Ng5 48. Rxf5 Kg6 49. Rf4 h5 50. a4 Nf3 51. a5 Nxh2 52. a6 Kg5 53. a7 Ra8 54. Rf7 h4 55. gxh4+ Kxh4 56. Bd5 1-0